Language Quiz

Random Language or Letter Quiz

Alphablanks Quiz Stats

Quiz Updated Oct 24, 2014

Challenge
Share
Tweet
Embed
Score 0/25 Timer 05:00
0 Plays Today
Hint Answer % Correct
Bird species with the largest wingspanAlbatross
92.3%
Plate or tablet fixed to a wall to commemorate an important event or personPlaque
84.9%
Light with a wavelength shorter than that of visible light but longer than X-raysUltraviolet
84.1%
A single word or non-sentence phrase, followed by a punctuation mark (e.g. Objection!)Interjection
81.8%
Paprika-seasoned stew originating in HungaryGoulash
80.6%
Mozart opera: 'The Marriage of ____'Figaro
78.2%
To remove old skin cells from the skin's outermost surfaceExfoliate
73.4%
1983 Bond film featuring Roger Moore and Maud AdamsOctopussy
72.2%
Plastic surgery procedure for correcting or reconstructing the noseRhinoplasty
72%
Coffee-flavored rum-based liqueur that originated in MexicoKahlĂșa
68.4%
Nickname for the southern US, particularly the former Confederate StatesDixie
67.5%
Elementary particle that combines with others to form composite particles called hadronsQuark
66%
Group party gameCharades
64.8%
Hint Answer % Correct
Camera feature used by photographers to focus and compose their picturesViewfinder
63.3%
Kingdom in southern England that existed until the 10th centuryWessex
59.5%
Villain in Disney's 'Sleeping Beauty' who curses Princess Aurora as a babyMaleficent
56.7%
The end or final destination, particularly on a bus or train routeTerminus
52.9%
A group of bears; a detectiveSleuth
52.3%
Tissue in vascular plants for transporting water and nutrientsXylem
44.8%
The main antagonist in Orwell's 'Animal Farm'Napoleon
43.1%
French pastry similar to a bread of high egg and butter contentBrioche
39.5%
Bird in the crow family; features in Aesop's tale 'The Bird in Borrowed Feathers'Jackdaw
35.3%
Title of the sixth studio album released by Kanye WestYeezus
34.7%
European language spoken by approximately 400,000 people worldwideLuxembourgish
28.5%
Hebrew prophet who lends his name to an Old Testament bookHaggai
25.1%

You're not logged in!

Compare scores with friends on all Sporcle quizzes.
Join for Free
OR
Log In

You Might Also Like...

Show Comments

Extras

Top Quizzes Today


Score Distribution

Your Account Isn't Verified!

In order to create a playlist on Sporcle, you need to verify the email address you used during registration. Go to your Sporcle Settings to finish the process.

Report this User

Report this user for behavior that violates our Community Guidelines.

Details: